Statistics for Game Of Thrones Quotes

Click here to take the quiz!

General Stats

  • This quiz has been taken 350 times
  • The average score is 6 of 20

Answer Stats

SpeakerQuoteAnswer% Correct
YgritteYou know nothing, ___ ____.Jon Snow
99%
MelisandreFor the night is dark, and ____ __ _______.Full Of Terrors
77%
Eddard StarkThe man who passes the sentence, should _____ ___ _____.Swing The Sword
62%
Daario NaharisYou're not the Mother of Unsullied. You're the ______ __ _______.Mother Of Dragons
56%
Arya StarkEssos is east. Westeros is west. But what's ____ __ ________.West Of Westeros
45%
Cersei LannisterWhen you play the game of thrones, you win, or you die. There is no ______ ______.Middle Ground
40%
Maester AemonLove is the death of ____.Duty
39%
Bran StarkWhy do you think I came ___ ____ ___.All This Way
32%
Illyrio MopatisA Dothraki wedding without at least three deaths is considered a ____ ______.Dull Affair
32%
Olenna TyrellI would hate to die like ____ ___.Your Son
31%
Mance RayderThis was my home for many years. I wish you good fortune, in the ____ __ ____.Wars To Come
30%
Tormund GiantsbaneYou've got the north in you. The ____ _____.Real North
28%
Samwell TarlyI am sick of reading about the achievements of ______ ___.Better Men
19%
Jamie LannisterShe's hateful. And __ __ _.So Am I
17%
Tyrion LannisterI don't think I am anymore. A ____.Lord
10%
Tyrion LannisterSer Brienne of Tarth! ______ __ ___ _____ ________!Knight Of The Seven Kingdoms
8%
Jamie LannisterHighgarden will never belong to a _________.Cutthroat
5%
Salladhor SaanSalladhor Saan is a good name for _____.Songs
4%
Ser Barristan SelmyThe Mad King gave his enemies the justice he thought they deserved, and each time, it made him feel ________ and _____.Powerful, Right
3%
VarysYou have many admirable qualities, my Lord. ____-____ is not one of them.Self-Pity
3%

Score Distribution

Percentile by Number Answered

Percent of People with Each Score

Your Score History

You have not taken this quiz